Good morning, Lord : (Record no. 3220)

MARC details
000 -LEADER
fixed length control field 01118cam a2200337Ka 4500
001 - CONTROL NUMBER
control field 455366
003 - CONTROL NUMBER IDENTIFIER
control field GBCCL
005 - DATE AND TIME OF LATEST TRANSACTION
control field 20241126110450.0
008 - FIXED-LENGTH DATA ELEMENTS--GENERAL INFORMATION
fixed length control field 861125s1977 miu 000 0 eng d
020 ## - INTERNATIONAL STANDARD BOOK NUMBER
International Standard Book Number 0801059151
020 ## - INTERNATIONAL STANDARD BOOK NUMBER
International Standard Book Number 9780801059759
035 ## - SYSTEM CONTROL NUMBER
System control number (OCoLC)ocm14870615
035 ## - SYSTEM CONTROL NUMBER
System control number (OCoLC)14870615
040 ## - CATALOGING SOURCE
Original cataloging agency EXC
Language of cataloging eng
Transcribing agency EXC
Modifying agency OCLCQ
-- OCLCF
-- OCLCQ
-- OCLCO
-- OCL
-- LBB
049 ## -
-- LBBA
050 #4 -
-- BV4526.2
-- .M3
082 ## - DEWEY DECIMAL CLASSIFICATION NUMBER
Classification number 242.63
Item number MAR
090 ## - LOCALLY ASSIGNED LC-TYPE CALL NUMBER (OCLC); LOCAL CALL NUMBER (RLIN)
Classification number (OCLC) (R) ; Classification number, CALL (RLIN) (NR) BV4526.2
Local cutter number (OCLC) ; Book number/undivided call number, CALL (RLIN) .M3
100 1# - MAIN ENTRY--PERSONAL NAME
Personal name Martin, Paul La Rush,
Dates associated with a name 1915-
9 (RLIN) 6645
245 10 - TITLE STATEMENT
Title Good morning, Lord :
Remainder of title devotions for today's family /
Statement of responsibility, etc. Paul Martin.
260 ## - PUBLICATION, DISTRIBUTION, ETC.
Place of publication, distribution, etc. Grand Rapids, Mich. :
Name of publisher, distributor, etc. Baker Book House,
Date of publication, distribution, etc. 1980.
300 ## - PHYSICAL DESCRIPTION
Extent 79 pages ;
Dimensions 19 cm
336 ## - CONTENT TYPE
Content type term text
Content type code txt
Source rdacontent
337 ## - MEDIA TYPE
Media type term unmediated
Media type code n
Source rdamedia
338 ## - CARRIER TYPE
Carrier type term volume
Carrier type code nc
Source rdacarrier
500 ## - GENERAL NOTE
General note Also published under the title: Family fare: thoughts on family living.
650 #0 - SUBJECT ADDED ENTRY--TOPICAL TERM
Topical term or geographic name entry element Families
Form subdivision Prayers and devotions.
9 (RLIN) 6191
650 #7 - SUBJECT ADDED ENTRY--TOPICAL TERM
Topical term or geographic name entry element Families.
Source of heading or term fast
Authority record control number or standard number (OCoLC)fst01728849
9 (RLIN) 6646
655 #7 - INDEX TERM--GENRE/FORM
Genre/form data or focus term Prayers and devotions.
Source of term fast
Authority record control number or standard number (OCoLC)fst01423909
9 (RLIN) 6647
942 ## - ADDED ENTRY ELEMENTS (KOHA)
Source of classification or shelving scheme Dewey Decimal Classification
Koha item type Books
Holdings
Withdrawn status Lost status Source of classification or shelving scheme Damaged status Not for loan Home library Current Library Shelving location Date acquired Total checkouts Full call number Barcode Date last seen Copy number Price effective from Koha item type
    Dewey Decimal Classification     GRACE BIBLE COLLEGE GRACE BIBLE COLLEGE Ministry & Mission 2017-11-21   242.63 MAR 009627 2017-11-21 c.1 2017-11-21 Books
© Grace Bible College Library 2025